[Event "WchT Blitz Pool D"]
[Site "London"]
[Date "2025.06.14"]
[Round "13.6"]
[White "Letoret, Tim"]
[Black "Zhunusbekova, Aymunzhok"]
[Result "1-0"]
[WhiteElo "1907"]
[BlackElo "1890"]
[PlyCount "73"]
[EventDate "2025.06.14"]
[EventType "team-tourn"]
[EventRounds "13"]
[EventCountry "ENG"]
[SourceTitle "CB25_2025"]
[SourceDate "2025.06.18"]
[SourceVersion "1"]
[SourceVersionDate "2025.06.18"]
[SourceQuality "1"]
[WhiteTeam "Uppsala SSS"]
[BlackTeam "Kyrgyzstan Noval Group"]
[WhiteTeamCountry "SWE"]
[BlackTeamCountry "KGZ"]

1. e4 e6 2. d4 d5 3. e5 c5 4. c3 Nc6 5. Nf3 Nge7 6. Bd3 cxd4 7. cxd4 Nf5 8. Bxf5 exf5 9. 0-0 Be6 10. Nc3 Be7 11. Bf4 g5 12. Bc1 h5 13. Qd2 f4 14. Qd3 a6 15. Re1 g4 16. Nd2 Nb4 17. Qb1 Qd7 18. a3 Bf5 19. Nce4 Nc6 20. Nf6+ Bxf6 21. exf6+ Kf8 22. Qa2 Nxd4 23. Nb3 Nc2 24. Bxf4 Nxe1 25. Rxe1 Re8 26. Rc1 Qe6 27. g3 Qxf6 28. Nc5 b6 29. Nb7 Be4 30. Nd6 Re6 31. Nxe4 dxe4 32. Qd5 Kg7 33. Rc6 Rd8 34. Qxh5 Rxc6 35. Be5 Rc1+ 36. Kg2 Rc2 37. Qxg4+ 1-0

[Event "WchT Rapid"]
[Site "London"]
[Date "2025.06.13"]
[Round "10.6"]
[White "Veselow, Zoe"]
[Black "Letoret, Tim"]
[Result "1-0"]
[WhiteElo "1775"]
[BlackElo "1794"]
[PlyCount "49"]
[EventDate "2025.06.11"]
[EventType "team-swiss"]
[EventRounds "12"]
[EventCountry "ENG"]
[SourceTitle "CB25_2025"]
[SourceDate "2025.06.18"]
[SourceVersion "1"]
[SourceVersionDate "2025.06.18"]
[SourceQuality "1"]
[WhiteTeam "UK Challenge Masters"]
[BlackTeam "Uppsala SSS"]
[WhiteTeamCountry "ENG"]
[BlackTeamCountry "SWE"]

1. e4 d5 2. exd5 Nf6 3. d4 Nxd5 4. c4 Nf6 5. Nf3 Bg4 6. Be2 e6 7. 0-0 c5 8. Be3 cxd4 9. Nxd4 Bxe2 10. Qxe2 Be7 11. Nc3 0-0 12. Rfd1 Qc8 13. Bf4 a6 14. Rac1 Nc6 15. Ne4 Rd8 16. Nf3 Nxe4 17. Qxe4 Bf6 18. b3 Bb2 19. Rb1 Bc3 20. Be3 Qc7 21. Ng5 g6 22. Qh4 h5 23. g4 hxg4 24. Qh7+ Kf8 25. Bc5+ 1-0